| 000 | 00756nam a22002177a 4500 | ||
|---|---|---|---|
| 003 | UA-OsUOA | ||
| 001 | 121306 | ||
| 007 | ta | ||
| 008 | 20170320b un ||||| |||| 00| 0 ukr d | ||
| 100 | _aВласенко В. | ||
| 090 |
_a32 _bВ58 |
||
| 942 | _cSA | ||
| 040 |
_aUA-OsUOA _bukr _cUA-OsUOA _dUA-OsUOA |
||
| 245 | _aЗа порушення прав людини в Криму відповідальна Москва. Європарламент ніколи не визнає анексію Криму Росією і закликає Єврокомісію розширити санкції проти окупантів | ||
| 300 | _aС.3 | ||
| 955 | _a0 | ||
| 041 | _aukr | ||
| 080 | _a32 | ||
| 773 | 0 | _w121305 | |
| 650 | 7 |
_a32 Політика _2UDC |
|
| 999 |
_c407320 _d407320 |
||